000 00378nam a2200157Ia 4500
003 Ost
005 20260225132537.0
008 260225s9999||||xx |||||||||||||| ||und||
040 _cfsic
041 _afre
082 _a1.42
100 _aPierre lebel
_eAuteur
245 0 _aMéthodologie :
245 0 _bmesure et maitrise des communication /
_cPierre lebel
942 _cكتاب
999 _c33301
_d33301